Statistics for Cities and Municipalities in Cebu, Philippines

Click here to take the quiz!

General Stats

  • This quiz has been taken 217 times
  • The average score is 27 of 53

Answer Stats

Muncipalities% Correct
Cebu
87%
Mandaue
86%
Lapulapu
85%
Talisay
83%
Carcar
82%
Naga
78%
Danao
73%
Bogo
71%
Liloan
69%
Consolacion
67%
Argao
66%
Bantayan
66%
Daanbantayan
66%
Santander
66%
Minglanilla
65%
Toledo
65%
Oslob
63%
San Fernando
63%
Carmen
61%
Moalboal
60%
Badian
58%
Sibonga
57%
Alcoy
55%
Balamban
55%
Compostela
55%
Dalaguete
55%
Alegria
53%
Medellin
50%
Barili
49%
Cordova
48%
Boljoon
45%
Catmon
45%
Tabuelan
45%
Alcantara
43%
Ronda
43%
San Remigio
42%
Sogod
42%
Aloguinsan
41%
Tuburan
41%
Samboan
39%
Ginatilan
38%
Asturias
37%
Dumanjug
37%
Borbon
34%
Pinamungahan
31%
Tabogon
29%
Madridejos
24%
Malabuyoc
23%
San Francisco
20%
Sta. Fe
20%
Tudela
20%
Poro
19%
Pilar
17%

Score Distribution

Percentile by Number Answered

Percent of People with Each Score

Your Score History

You have not taken this quiz